| 000 | 00743nam a2200205Ia 4500 | ||
|---|---|---|---|
| 003 | GCL | ||
| 008 | 140319s9999 xx 000 0 ara d | ||
| 040 |
_aGCL / _cGCL |
||
| 082 | 0 | 4 |
_a658.4056 _bر د |
| 100 | 1 | _aرجب عبدالحميد السيد | |
| 245 | 1 | 0 |
_aدور القيادة فى اتخاذ القرار خلال الازمات / _cرجب عبدالحميد السيد |
| 250 | _aد.ط | ||
| 260 |
_aالقاهرة : _bرجب عبدالحميد السيد ، _c2000 |
||
| 300 |
_a218 ص ؛ _c24 سم |
||
| 650 | 0 | 4 | _aالقيادة الادارية |
| 650 | 0 | 4 | _aادارة الازمات |
| 650 | 0 | 4 | _aاتخاذ القرارات |
| 650 | 0 | 4 | _aالكوارث الطبيعية - ادارة الازمات |
| 942 |
_2ddc _cBK |
||
| 999 |
_c40602 _d40602 |
||